Enciklopedija Balgarija Tom 2

Podrobná bibliografia
Médium: Kniha
Jazyk:neznámy jazyk
Fyzický popis:767 s.
Vydavateľské údaje: Sofija Balgarskata akademija na naukite 1981

MARC

LEADER 00000nam a2200000 a 4500
001 vtls001426990
003 SK-MaSNL
005 20260224113128.0
008 020114s1981 xx 0 und
035 |a SNK000381951 
040 |a SNK  |b slo  |c SNK  |e AACR2 
245 1 |a Enciklopedija Balgarija  |b Tom 2 
260 |a Sofija  |b Balgarskata akademija na naukite  |c 1981 
300 |a 767 s. 
999 |c 985341  |d 987271 
952 |t snkGEO/2 030  |a SNKUST  |b SNKUST  |y PREZ  |7 0  |p 17A0296554  |o snkIB 41784/2/G-Z   |i snkV 1222/81  |0 0  |1 0  |4 0  |d 2002-01-14  |l 0  |r 2025-03-19 00:00:00  |w 2026-02-24